[Event "Ungdoms-DM U12 2024"]
[Site "Odense"]
[Date "2024.10.06"]
[Round "5.1"]
[White "Ravikumar, Hanesh"]
[Black "Bekmukhanov, Sauran"]
[Result "0-1"]
[WhiteElo "1781"]
[BlackElo "1906"]
[WhiteFideId "1481878"]
[BlackFideId "1472844"]
[EventDate "2024.10.05"]
[EventType "swiss"]
[EventRounds "7"]
[EventCountry "DEN"]
[SourceTitle "Live v. Kasper Jerwiarz"]

1. c4 e5 2. g3 f5 3. Bg2 Nf6 4. Nc3 Be7 5. e3 c6 6. Nge2 d6 7. O-O O-O 8. d4 Nbd7 9. Qc2 g6 10. Rd1 Qc7 11. b3 Re8 12. Bb2 Nh5 13. Rac1 Bf6 14. d5 c5 15. Nb5 Qb6 16. a4 Nf8 17. f4 a6 18. Na3 Bd7 19. Bf3 Ng7 20. fxe5 Bxe5 21. Bxe5 Rxe5 22. e4 Rae8 23. Nc3 Qd8 24. Re1 h5 25. Qf2 Qf6 26. Bg2 Nh7 27. Nab1 Rf8 28. exf5 Rxf5 29. Qe3 Ng5 30. Rf1 Re8 31. Qd3 Qe5 32. Nd2 Rxf1+ 33. Rxf1 Bf5 34. Nde4 Nxe4 35. Nxe4 Bxe4 36. Bxe4 Qxe4 37. Qd1 Nf5 38. Rf2 Qe1+ 39. Qxe1 Rxe1+ 40. Kg2 Kg7 41. h3 Re3 42. Rf3 Rxf3 43. Kxf3 Nd4+ 44. Ke3 Nxb3 45. Kd3 Kf6 46. Ke4 Na5 47. Kd3 Ke5 48. h4 Kf5 49. Ke3 Nxc4+ 50. Kd3 Nb2+ 51. Kc3 Nxa4+ 52. Kb3 Nb6 53. Kc3 a5 54. g4+ hxg4 55. h5 gxh5 56. Kd3 a4 57. Kc3 g3 58. Kd3 g2 59. Ke3 g1=Q+ 60. Kd3 Qd4+ 61. Ke2 Ke4 62. Kf1 Qd2 63. Kg1 Kf3 64. Kh1 Qg2# 0-1

[Event "Ungdoms-DM U12 2024"]
[Site "Odense"]
[Date "2024.10.06"]
[Round "5.2"]
[White "Prohnitchi, Adrian"]
[Black "Larsen, Jonas Bogh"]
[Result "0-1"]
[WhiteElo "1502"]
[BlackElo "1755"]
[WhiteFideId "1477692"]
[BlackFideId "1477552"]
[EventDate "2024.10.05"]
[EventType "swiss"]
[EventRounds "7"]
[EventCountry "DEN"]
[SourceTitle "Live v. Kasper Jerwiarz"]

1. f4 c5 2. Nf3 g6 3. e3 Bg7 4. Nc3 Nc6 5. Bc4 e6 6. O-O d5 7. Bb5 Ne7 8. a3 O-O 9. h3 Bd7 10. a4 a6 11. Bxc6 Bxc6 12. b3 b5 13. d4 b4 14. Ne2 Nf5 15. Ra2 c4 16. bxc4 dxc4 17. Ne5 Bd5 18. c3 b3 19. Ra1 Rb8 20. Ba3 Re8 21. Rb1 Nxe3 22. Qd2 Nxf1 23. Kxf1 f6 24. Ng4 Be4 25. Rb2 Qd5 26. Ng3 Bd3+ 27. Kg1 Qc6 28. a5 Qa4 29. Bb4 Qc6 30. Kh2 e5 31. fxe5 fxe5 32. dxe5 Rbd8 33. Qf4 Re6 34. Qg5 Rde8 35. Qf4 h5 36. Nh6+ Kh7 37. Nf7 Kg8 38. Nh6+ Bxh6 39. Qxh6 Rxe5 40. Rf2 Qc8 41. Rf6 R5e6 42. Rf2 Bc2 43. Qc1 Re1 44. Qh6 Bd3 45. Rf6 R1e6 46. Rf2 Qb8 47. Qg5 Qe5 48. Qh6 Qg7 49. Qg5 Bc2 50. Qc1 Re1 51. Qf4 b2 52. Qxc4+ Kh7 53. Rf7 b1=Q 54. Rxg7+ Kxg7 55. Qd4+ Kg8 56. Qd5+ R1e6 57. Bc5 Qb3 58. Qd4 Qb8 59. Qd5 h4 60. Bf2 hxg3+ 61. Bxg3 Qb5 62. Qd2 Re2 63. Qd4 Qc6 64. Qg1 Be4 65. Bf2 Rf8 66. Kg3 Rexf2 67. Kh4 Qf6+ 68. Kg3 Qf4# 0-1

[Event "Ungdoms-DM U12 2024"]
[Site "Odense"]
[Date "2024.10.06"]
[Round "5.3"]
[White "Pirtac, Alexandru"]
[Black "Gundelach, Bjorn"]
[Result "1-0"]
[WhiteElo "1938"]
[BlackElo "1681"]
[WhiteFideId "13912143"]
[BlackFideId "1484613"]
[EventDate "2024.10.05"]
[EventType "swiss"]
[EventRounds "7"]
[EventCountry "DEN"]
[SourceTitle "Live v. Kasper Jerwiarz"]

1. e4 Nf6 2. e5 Nd5 3. c4 Nb6 4. d4 e6 5. Nc3 Nc6 6. Nf3 f6 7. Be3 Be7 8. Bd3 Nb4 9. Be2 Na6 10. a3 fxe5 11. Nxe5 d6 12. Nf3 O-O 13. Qc2 d5 14. c5 Nd7 15. Bd3 Nf6 16. Ne5 Nb8 17. O-O-O Nbd7 18. f3 h6 19. Ng6 Rf7 20. g4 Ne8 21. f4 Nf8 22. Ne5 Rf6 23. g5 hxg5 24. fxg5 Rf5 25. Bxf5 exf5 26. Qg2 g6 27. h4 Bxc5 28. dxc5 Qe7 29. Bd4 b6 30. Nxd5 Qd8 31. h5 Bb7 32. c6 Ba6 33. hxg6 Rb8 34. Rh8+ Kg7 35. Nf7+ Nf6 36. gxf6+ Qxf6 37. Bxf6# 1-0

[Event "Ungdoms-DM U12 2024"]
[Site "Odense"]
[Date "2024.10.06"]
[Round "5.4"]
[White "Sandmann, Mattis Majvang"]
[Black "Vo, Charlie"]
[Result "0-1"]
[WhiteElo "1480"]
[BlackElo "1668"]
[WhiteFideId "1477340"]
[BlackFideId "1477706"]
[EventDate "2024.10.05"]
[EventType "swiss"]
[EventRounds "7"]
[EventCountry "DEN"]
[SourceTitle "Live v. Kasper Jerwiarz"]

1. e4 c5 2. Nf3 d6 3. d4 cxd4 4. Nxd4 Nf6 5. Nc3 a6 6. Bc4 e6 7. Bb3 b5 8. O-O Bb7 9. Re1 Be7 10. Bg5 Nxe4 11. Nxe4 Bxg5 12. Nxg5 Qxg5 13. Nf3 Qe7 14. Qd3 O-O 15. Rad1 Bxf3 16. Qxf3 Ra7 17. Rd4 Nd7 18. Qh5 Nf6 19. Qh3 Rc7 20. Re3 Rc5 21. Rf3 Re5 22. Kf1 Rc8 23. Rh4 h6 24. Re3 Rxe3 25. Qxe3 Nd5 26. Qg3 Qg5 27. Rg4 Qe5 28. Qxe5 dxe5 29. Ke2 Nf4+ 30. Ke3 h5 31. Rg3 h4 32. Rf3 Nxg2+ 33. Ke4 Ne1 34. Rh3 Nxc2 35. Kxe5 a5 36. Rxh4 a4 37. Bxc2 Rxc2 38. Rb4 Rxf2 39. Rxb5 Rf5+ 0-1

[Event "Ungdoms-DM U12 2024"]
[Site "Odense"]
[Date "2024.10.06"]
[Round "5.5"]
[White "Shajan, Alan Pattayil"]
[Black "Kamal, Yogasimman"]
[Result "1-0"]
[WhiteElo "1562"]
[BlackElo "1688"]
[WhiteFideId "33436134"]
[BlackFideId "1477196"]
[EventDate "2024.10.05"]
[EventType "swiss"]
[EventRounds "7"]
[EventCountry "DEN"]
[SourceTitle "Live v. Kasper Jerwiarz"]

1. e4 c5 2. c3 d6 3. d4 cxd4 4. cxd4 Nf6 5. Nc3 Bg4 6. Qb3 Qc7 7. Be3 a6 8. Rc1 Qd7 9. f3 Bh5 10. Na4 Qd8 11. Nb6 Nc6 12. Nxa8 Qxa8 13. Qa4 e6 14. Bxa6 Kd7 15. Bb5 Qc8 16. Ne2 Be7 17. Nf4 Bg6 18. d5 exd5 19. exd5 Nxd5 20. Nxd5 Bf6 21. Nb6+ 1-0

[Event "Ungdoms-DM U12 2024"]
[Site "Odense"]
[Date "2024.10.06"]
[Round "5.6"]
[White "Tursic, Benjamin"]
[Black "Andersen, Frederik"]
[Result "1/2-1/2"]
[WhiteElo "1462"]
[BlackElo "1603"]
[WhiteFideId "1482475"]
[BlackFideId "1481630"]
[EventDate "2024.10.05"]
[EventType "swiss"]
[EventRounds "7"]
[EventCountry "DEN"]
[SourceTitle "Live v. Kasper Jerwiarz"]

1. c4 e5 2. g3 h5 3. Nc3 Bc5 4. e3 Nc6 5. Nge2 d6 6. Bg2 h4 7. O-O h3 8. Bh1 Bg4 9. f3 Bh5 10. d4 Bb6 11. b3 Qf6 12. Nd5 Qd8 13. Qc2 Nf6 14. Nec3 exd4 15. Nxf6+ gxf6 16. exd4 Bxd4+ 17. Rf2 Bxf2+ 18. Kxf2 Ne7 19. Bb2 c6 20. Re1 Qb6+ 21. Kf1 Kd7 22. Ne4 1/2-1/2

[Event "Ungdoms-DM U12 2024"]
[Site "Odense"]
[Date "2024.10.06"]
[Round "6.1"]
[White "Bekmukhanov, Sauran"]
[Black "Larsen, Jonas Bogh"]
[Result "1-0"]
[WhiteElo "1906"]
[BlackElo "1755"]
[WhiteFideId "1472844"]
[BlackFideId "1477552"]
[EventDate "2024.10.05"]
[EventType "swiss"]
[EventRounds "7"]
[EventCountry "DEN"]
[SourceTitle "Live v. Kasper Jerwiarz"]

1. e4 c5 2. Nf3 g6 3. d4 cxd4 4. Nxd4 Bg7 5. c4 Nc6 6. Be3 Nf6 7. Nc3 O-O 8. Be2 d6 9. O-O e5 10. Ndb5 Ne8 11. Nd5 a6 12. Bb6 Qd7 13. Ndc7 Nxc7 14. Nxc7 Rb8 15. Nd5 f5 16. Bd3 f4 17. f3 Ne7 18. Bc2 Kh8 19. Ba4 Nc6 20. Ba7 Ra8 21. Bf2 Qf7 22. Nb6 Rb8 23. Qxd6 Be6 24. Bxc6 Rfd8 25. Bd7 Bxd7 26. Nxd7 Qxd7 27. Qxd7 Rxd7 28. Rfd1 Rc7 29. c5 Bf8 30. Rd5 Bg7 31. Rad1 Bf6 32. Rd7 Rc6 33. R1d6 Rxd6 34. Rxd6 Kg7 35. Kf1 Kf7 36. Ke2 Ke7 37. Kd3 h5 38. Kc4 g5 39. Kb4 Rd8 40. Rxd8 Kxd8 41. Kc4 Kd7 42. Kd5 g4 43. Be1 h4 44. h3 g3 45. Bc3 Ke7 46. Bxe5 Bg5 47. Bd6+ Kd7 48. e5 Bh6 49. e6+ Kd8 50. b4 Bg5 51. a4 Kc8 52. b5 axb5 53. axb5 Kd8 54. b6 Kc8 55. c6 bxc6+ 56. Kxc6 1-0

[Event "Ungdoms-DM U12 2024"]
[Site "Odense"]
[Date "2024.10.06"]
[Round "6.2"]
[White "Shajan, Alan Pattayil"]
[Black "Ravikumar, Hanesh"]
[Result "1/2-1/2"]
[WhiteElo "1562"]
[BlackElo "1781"]
[WhiteFideId "33436134"]
[BlackFideId "1481878"]
[EventDate "2024.10.05"]
[EventType "swiss"]
[EventRounds "7"]
[EventCountry "DEN"]
[SourceTitle "Live v. Kasper Jerwiarz"]

1. e4 c5 2. c3 d5 3. exd5 Qxd5 4. d4 cxd4 5. cxd4 Nc6 6. Nf3 Nf6 7. Nc3 Qa5 8. d5 Nb4 9. Bb5+ Bd7 10. Bxd7+ Nxd7 11. O-O Nf6 12. d6 e6 13. Bf4 Nbd5 14. Nxd5 Qxd5 15. Qa4+ Qc6 16. Qb3 Bxd6 17. Bxd6 Qxd6 18. Qxb7 O-O 19. Rfd1 Nd5 20. Qb3 Rab8 21. Qc2 Rfc8 22. Qd2 Qb6 23. b3 Rd8 24. Rac1 Nb4 25. Qe2 Nd5 26. Ne5 Rbc8 27. Rxc8 Rxc8 28. Qf3 Qc7 29. Nc4 Rd8 30. h3 h6 31. Qd3 Qf4 32. Qd4 Qxd4 33. Rxd4 Rd7 34. Ne3 Nb6 35. Rxd7 Nxd7 36. Kf1 Kf8 37. Ke2 Ke7 38. Nc4 Nc5 39. Ke3 f5 40. f3 g5 41. g3 h5 42. h4 g4 43. fxg4 hxg4 44. b4 Ne4 45. Kf4 Kd7 46. Ne5+ Kd6 47. Nf7+ Ke7 48. Ng5 Nxg5 49. Kxg5 Kf7 50. h5 Kg8 51. h6 f4 52. Kg6 1/2-1/2

[Event "Ungdoms-DM U12 2024"]
[Site "Odense"]
[Date "2024.10.06"]
[Round "6.3"]
[White "Vo, Charlie"]
[Black "Pirtac, Alexandru"]
[Result "0-1"]
[WhiteElo "1668"]
[BlackElo "1938"]
[WhiteFideId "1477706"]
[BlackFideId "13912143"]
[EventDate "2024.10.05"]
[EventType "swiss"]
[EventRounds "7"]
[EventCountry "DEN"]
[SourceTitle "Live v. Kasper Jerwiarz"]

1. e4 c5 2. Nc3 e6 3. Nf3 d5 4. e5 Nc6 5. Bb5 Ne7 6. d4 cxd4 7. Nxd4 a6 8. Bxc6+ Nxc6 9. Nxc6 bxc6 10. Qg4 d4 11. Ne2 c5 12. O-O Bb7 13. Nf4 Qc7 14. Re1 O-O-O 15. c3 d3 16. Bd2 Qc6 17. c4 Be7 18. a3 h5 19. Qg3 g5 20. Nh3 h4 21. Qg4 Rd4 22. Qf3 Qxf3 23. gxf3 Bxf3 24. Kf1 Rg4 25. Re3 Bg2+ 26. Kg1 Bxh3+ 27. Kh1 Bg2+ 28. Kg1 Bf3+ 29. Kf1 Be2+ 30. Rxe2 dxe2+ 31. Kxe2 Rd8 32. Be3 Rxc4 33. b4 g4 34. bxc5 Bxc5 35. Bg5 Rc2+ 36. Ke1 Rd3 37. Bxh4 Rdd2 38. Rb1 Bxf2+ 39. Bxf2 Rxf2 40. Rc1 Re2+ 41. Kf1 Rxh2 42. Rxc2+ Rxc2 0-1

[Event "Ungdoms-DM U12 2024"]
[Site "Odense"]
[Date "2024.10.06"]
[Round "6.4"]
[White "Andersen, Frederik"]
[Black "Bjerg, Sigurd"]
[Result "1/2-1/2"]
[WhiteElo "1603"]
[BlackElo "1617"]
[WhiteFideId "1481630"]
[BlackFideId "1480170"]
[EventDate "2024.10.05"]
[EventType "swiss"]
[EventRounds "7"]
[EventCountry "DEN"]
[SourceTitle "Live v. Kasper Jerwiarz"]

1. e4 c6 2. d4 d5 3. exd5 cxd5 4. Nf3 Nf6 5. Nc3 a6 6. h3 Bf5 7. Be2 e6 8. a3 Bd6 9. Bg5 Nbd7 10. Bd3 Bxd3 11. Qxd3 Qc7 12. Bxf6 Nxf6 13. O-O O-O 14. Nb1 e5 15. dxe5 Bxe5 16. c3 Rfe8 17. Nbd2 Rad8 18. Nxe5 1/2-1/2

[Event "Ungdoms-DM U12 2024"]
[Site "Odense"]
[Date "2024.10.06"]
[Round "6.5"]
[White "Prohnitchi, Adrian"]
[Black "Tursic, Benjamin"]
[Result "0-1"]
[WhiteElo "1502"]
[BlackElo "1462"]
[WhiteFideId "1477692"]
[BlackFideId "1482475"]
[EventDate "2024.10.05"]
[EventType "swiss"]
[EventRounds "7"]
[EventCountry "DEN"]
[SourceTitle "Live v. Kasper Jerwiarz"]

1. d4 e6 2. c4 d5 3. e3 b6 4. Nc3 Bb7 5. a3 Nd7 6. Nf3 f6 7. Bd3 e5 8. O-O e4 9. cxd5 exd3 10. Qxd3 Bd6 11. e4 c6 12. dxc6 Bxc6 13. d5 Bb7 14. Nb5 Nc5 15. Nxd6+ Qxd6 16. Qb5+ Nd7 17. g3 Ne7 18. Bf4 Qc5 19. Qxc5 Nxc5 20. d6 Ng6 21. e5 Bxf3 22. exf6 Nxf4 23. gxf4 Kf7 24. fxg7 Rhg8 25. Rfe1 Ne4 26. Re3 Rxg7+ 27. Kf1 Rag8 28. Rxf3 Rg1+ 29. Ke2 Rxa1 30. Rd3 Nf6 31. Ke3 Ke6 32. Kf3 Nd5 33. Ke4 Re1+ 34. Kd4 Kxd6 35. Kc4 Rc8+ 36. Kb5 Re2 37. Rh3 Rxb2+ 38. Ka6 Kc6 39. Kxa7 Rc7+ 40. Ka8 Rb5 41. a4 Ra5+ 42. Kb8 Rb7+ 43. Kc8 Ra8# 0-1

[Event "Ungdoms-DM U12 2024"]
[Site "Odense"]
[Date "2024.10.06"]
[Round "7.1"]
[White "Czapp, Rafal"]
[Black "Bekmukhanov, Sauran"]
[Result "0-1"]
[WhiteElo "1447"]
[BlackElo "1906"]
[WhiteFideId "1481711"]
[BlackFideId "1472844"]
[EventDate "2024.10.05"]
[EventType "swiss"]
[EventRounds "7"]
[EventCountry "DEN"]
[SourceTitle "Live v. Kasper Jerwiarz"]

1. e4 c5 2. Nf3 d6 3. d4 cxd4 4. Nxd4 Nf6 5. f3 a6 6. c4 e6 7. Nc3 Nc6 8. Be3 d5 9. cxd5 exd5 10. exd5 Nxd5 11. Nxd5 Qxd5 12. Nxc6 Qxc6 13. Rc1 Qf6 14. Rc2 Bf5 15. Re2 Be6 16. f4 Bg4 17. Bd4+ Bxe2 18. Qxe2+ Qe6 19. Qxe6+ fxe6 20. a3 Kf7 21. Be2 Be7 22. Bf3 Rad8 23. Bc3 Rd7 24. Bh5+ Kf8 25. O-O Bc5+ 26. Kh1 Rg8 27. Bg4 Ke7 28. Re1 Rd6 29. f5 h5 30. Bh3 Rgd8 31. g3 Rd1 32. Rxd1 Rxd1+ 33. Kg2 exf5 34. Bxg7 Rd2+ 35. Kh1 Rf2 36. Bg2 b5 37. Bb7 a5 38. Ba6 b4 39. axb4 axb4 40. Bc4 Rd2 41. Bg8 h4 42. gxh4 Rd1+ 43. Kg2 Rg1+ 44. Kf3 Rxg7 45. Bc4 Rh7 46. Kg3 Bd6+ 47. Kh3 Be5 48. b3 Bf6 49. Bf1 0-1

[Event "Ungdoms-DM U12 2024"]
[Site "Odense"]
[Date "2024.10.06"]
[Round "7.2"]
[White "Pirtac, Alexandru"]
[Black "Ravikumar, Hanesh"]
[Result "1-0"]
[WhiteElo "1938"]
[BlackElo "1781"]
[WhiteFideId "13912143"]
[BlackFideId "1481878"]
[EventDate "2024.10.05"]
[EventType "swiss"]
[EventRounds "7"]
[EventCountry "DEN"]
[SourceTitle "Live v. Kasper Jerwiarz"]

1. e4 c5 2. Nf3 d6 3. d4 cxd4 4. Nxd4 Nf6 5. Nc3 g6 6. Be3 Bg7 7. f3 Nc6 8. Qd2 O-O 9. Bc4 Bd7 10. O-O-O Rc8 11. h4 Nxd4 12. Bxf7+ Rxf7 13. Bxd4 b5 14. h5 Nxh5 15. Bxg7 Rxg7 16. e5 Ng3 17. Rh2 Bf5 18. a3 a5 19. Qd5+ Kh8 20. Qxb5 Rc5 21. Qxc5 Qd7 22. Qf2 Nh5 23. g4 Nf4 24. gxf5 Qxf5 25. exd6 exd6 26. Rxd6 Ne6 27. Qd2 Kg8 28. Re2 Nf8 29. Rd8 Rf7 30. Ne4 Qh5 31. Ng5 Rf5 32. Ne6 Qh1+ 33. Re1 Qxf3 34. Nxf8 Rxf8 35. Rxf8+ 1-0

[Event "Ungdoms-DM U12 2024"]
[Site "Odense"]
[Date "2024.10.06"]
[Round "7.3"]
[White "Larsen, Jonas Bogh"]
[Black "Shajan, Alan Pattayil"]
[Result "0-1"]
[WhiteElo "1755"]
[BlackElo "1562"]
[WhiteFideId "1477552"]
[BlackFideId "33436134"]
[EventDate "2024.10.05"]
[EventType "swiss"]
[EventRounds "7"]
[EventCountry "DEN"]
[SourceTitle "Live v. Kasper Jerwiarz"]

1. e4 c6 2. d4 d5 3. f3 e5 4. dxe5 Bc5 5. Nc3 Qb6 6. Na4 Qa5+ 7. c3 Bxg1 8. Rxg1 dxe4 9. fxe4 Qxe5 10. Qd4 Nd7 11. Qxe5+ Nxe5 12. Be3 Nf6 13. Bd4 Ng6 14. Bd3 O-O 15. Bxf6 gxf6 16. O-O-O Be6 17. Kb1 Rad8 18. Nc5 b6 19. Nxe6 fxe6 20. Bc4 Kf7 21. Rgf1 Ke7 22. g3 Ne5 23. Bb3 Rh8 24. Kc2 Ng4 25. Kc1 Rxd1+ 26. Rxd1 Nf2 27. Rd4 e5 28. Rc4 Kd6 29. Bc2 a5 30. b4 Ra8 31. a3 Ng4 32. h3 Ne3 33. Bb3 Nxc4 34. Bxc4 axb4 35. axb4 Ra1+ 36. Kd2 Rh1 37. h4 Rg1 38. Bg8 Rxg3 39. Bxh7 Rh3 40. Bf5 Rxh4 41. Kd3 b5 42. c4 bxc4+ 43. Kxc4 Rh1 44. Kc3 Kc7 45. Kc4 Kb6 46. Be6 Rd1 47. Bf5 Rd4+ 48. Kb3 Kb5 49. Kc3 Rxb4 50. Kc2 Rd4 0-1

[Event "Ungdoms-DM U12 2024"]
[Site "Odense"]
[Date "2024.10.06"]
[Round "7.4"]
[White "Tursic, Benjamin"]
[Black "Vo, Charlie"]
[Result "0-1"]
[WhiteElo "1462"]
[BlackElo "1668"]
[WhiteFideId "1482475"]
[BlackFideId "1477706"]
[EventDate "2024.10.05"]
[EventType "swiss"]
[EventRounds "7"]
[EventCountry "DEN"]
[SourceTitle "Live v. Kasper Jerwiarz"]

1. c4 e5 2. g3 f5 3. Bg2 Nf6 4. e3 d6 5. Ne2 Nc6 6. O-O Be6 7. b3 Qd7 8. d4 d5 9. Nd2 e4 10. f3 Bb4 11. a3 Bxd2 12. Bxd2 h5 13. Nf4 g5 14. Ng6 Rh6 15. Ne5 Nxe5 16. dxe5 exf3 17. Bxf3 Ne4 18. Bg2 O-O-O 19. Rc1 dxc4 20. Bxe4 Qxd2 21. Qxd2 Rxd2 22. Bxf5 Bxf5 23. Rxf5 cxb3 24. Rf7 Rd7 25. Rf6 Rxf6 26. exf6 Rf7 27. Rb1 Rxf6 28. Rxb3 Rf5 29. Kg2 c5 30. e4 Re5 31. Kf3 c4 32. Rc3 b5 33. a4 a6 34. h4 gxh4 35. gxh4 Kd7 36. Kf4 Kd6 37. axb5 axb5 38. Rc2 Rc5 39. e5+ Rxe5 40. Rd2+ Rd5 41. Rg2 b4 42. Rg5 Rxg5 43. hxg5 c3 44. g6 c2 45. g7 c1=Q+ 46. Kf5 Qg1 47. Kf6 Qxg7+ 48. Kxg7 b3 49. Kf6 b2 50. Kf5 h4 51. Kg4 b1=Q 52. Kxh4 Qg6 53. Kh3 Qg5 54. Kh2 Qg4 55. Kh1 Ke5 56. Kh2 Kf4 57. Kh1 Kf3 58. Kh2 Qg2# 0-1

[Event "Ungdoms-DM U12 2024"]
[Site "Odense"]
[Date "2024.10.06"]
[Round "7.5"]
[White "Rynkjob, Bastian"]
[Black "Bjerg, Sigurd"]
[Result "0-1"]
[WhiteElo "1712"]
[BlackElo "1617"]
[WhiteFideId "1473557"]
[BlackFideId "1480170"]
[EventDate "2024.10.05"]
[EventType "swiss"]
[EventRounds "7"]
[EventCountry "DEN"]
[SourceTitle "Live v. Kasper Jerwiarz"]

1. e4 e5 2. Nf3 Nc6 3. Bc4 Bc5 4. c3 d6 5. d4 exd4 6. cxd4 Bb4+ 7. Bd2 Bxd2+ 8. Qxd2 Nge7 9. d5 Ne5 10. Nxe5 dxe5 11. O-O Ng6 12. Bb5+ Bd7 13. Bxd7+ Qxd7 14. Nc3 h6 15. Rac1 a6 16. Rc2 Nh4 17. Ne2 O-O 18. f4 f5 19. fxe5 fxe4 20. Rxf8+ Rxf8 21. e6 Qe7 22. Qc1 Qf6 23. Ng3 Qd4+ 24. Kh1 Qxd5 25. e7 Re8 26. Rxc7 Kh7 27. Qc4 Qd1+ 28. Qf1 Qd6 29. Rxb7 Rxe7 30. Rxe7 Qxe7 31. Qe2 e3 32. Qxa6 Qe5 33. Qd3+ Kh8 34. Qd8+ Kh7 35. Qxh4 e2 36. Nxe2 Qxe2 37. Qd4 Qc2 38. h4 Qb1+ 39. Kh2 Qxa2 40. b4 Qa8 41. Qd3+ Kh8 42. b5 Qb8+ 43. g3 Qe5 44. Qb3 Qe2+ 45. Kh3 Qf1+ 46. Kg4 h5+ 47. Kg5 Qf6+ 48. Kxh5 Qf5# 0-1

[Event "Ungdoms-DM U12 2024"]
[Site "Odense"]
[Date "2024.10.06"]
[Round "7.6"]
[White "Kamal, Yogasimman"]
[Black "Andersen, Frederik"]
[Result "0-1"]
[WhiteElo "1688"]
[BlackElo "1603"]
[WhiteFideId "1477196"]
[BlackFideId "1481630"]
[EventDate "2024.10.05"]
[EventType "swiss"]
[EventRounds "7"]
[EventCountry "DEN"]
[SourceTitle "Live v. Kasper Jerwiarz"]

1. e4 e5 2. Nf3 Nc6 3. d4 exd4 4. Bc4 h6 5. Nxd4 Bc5 6. Bxf7+ Kf8 7. Nxc6 bxc6 8. Bc4 d6 9. Nc3 Qf6 10. Be3 Bxe3 11. fxe3 Qg5 12. Qe2 Qh4+ 13. g3 Qg4 14. Bxg8 Qxe2+ 15. Kxe2 Kxg8 16. Rhf1 Ba6+ 17. Kd2 Bxf1 18. Rxf1 Kh7 19. Rf7 Rac8 20. Ke2 Rhf8 21. Rd7 Kg6 22. h3 Rfd8 23. Rxd8 Rxd8 24. b3 a6 25. a4 d5 26. exd5 cxd5 27. Kd3 c5 28. Ne2 Kf5 29. g4+ Ke5 30. Nf4 Rd6 0-1